000 00719nam a2200289Ia 4500
005 20260324142850.0
008 008 260324s9999 xx 000 0 eng d
020 _a9781315821788
037 _aEBOOK
040 _aCRL
040 _beng
040 _cCRL
041 _2eng
041 _aeng
084 _qCRL
100 _aCharlette Gallagher-Allred; Madalon O'Rawe Amenta
_91213516
245 0 _aNutrition and Hydration in Hospice Care
245 0 _bNeeds, Strategies, Ethics
260 _bTaylor and Francis
260 _c1993
365 _a
365 _b140
856 _uhttp://www.taylorfrancis.com/books/9781315821788
942 _cEBOOK
999 _c1818234
_d1818234